000 02520cam a22005654i 4500
003 PE-LiUPU
005 20250731180145.0
008 150706s r 000 0 d
020 _a9786074813807
035 _a(Sirsi) i9786074813807
040 _aPE-LiUPU
_bspa
_cPE-LiUPU
_erda
049 _aPRUA
082 0 4 _a519.4
_bCH36
_221
100 1 _aCheney, Ward,
_eautor.
245 1 0 _aMétodos numéricos y computación /
_cWard Cheney y David Kincaid.
250 _a6a
264 1 _aMexico :
_bCengage,
_c2011.
300 _a763 páginas :
_bilustraciones ;
_c24 cm.
336 _atext
_2rdacontent
337 _aunmediated
_2rdamedia
338 _avolume
_2rdacarrier
504 _aincluye bibliografía.
505 0 _aIntroducción -- Representación del punto flotante y errores -- Localización de raíces y ecuaciones -- Interpolación y diferenciación numérica -- Integración numérica -- Temas adicionales de integración numérica -- Sistemas de ecuaciones lineales -- Temas adicionales referentes a sistemas de ecuaciones lineales -- Aproximación por funciones spline -- Ecuaciones diferenciales ordinarias -- Sistemas de ecuaciones diferenciales ordinarias -- Suavizado de datos y el método de mínimos cuadrados -- Métodos de Monte carlo y simulación -- Problemas con valores en la frontera para ecuaciones diferenciales ordinarias. Ecuaciones diferenciales parciales -- Minimización de funciones -- Programación lineal.
526 _aSEG44
526 _aSEG26
526 _aP159
526 _aP155
526 _aP154
526 _aP153
526 _aP150
526 _aP100
526 _aP31
526 _aP30
526 _aP26
526 _aP25
526 _aP24
526 _aP22
526 _aP15
526 _aP10
541 _g015-0012821;
650 0 4 _aAnálisis numérico
_xProgramas para computadora.
650 0 4 _aProcesamiento electrónico de datos
_xAnálisis numérico.
700 1 _aKincaid, David,
_eautor.
910 _bjv
_cng
_d20110602
942 _2ddc
_cBOOK
949 _a519.4 CH36
_wDEWEY
_c1
_i63072
_lCCODEBUL1
_mBUL
_p44.00
_r0
_sY
_tBOOK
_u2015-7-6
_xINGENIERIA
_zUNKNOWN
_o.STAFF. Colección General
994 _aC0
_bPEPRU
596 _a1
999 _a519.4 CH36
_wDEWEY
_c52088
_i63072
_d52088
_e2016-4-26
_f2021-11-9
_g7
_lCCODEBUL1
_mBUL
_n3
_p44.00
_r0
_sN
_tBOOK
_u2015-7-6
_xINGENIERIA
_zUNKNOWN
_0COMPRA
_o.STAFF. Colección General
980 _81
_gALBERTO SANCHEZ Responsable de Automatización